000 00763nam a2200253Ia 4500
003 OSt
005 20220926000751.0
006 a|||||r|||| 00| 0
007 ta
008 220923b |||||||| |||| 00| 0 eng d
037 _cGeneral Book
040 _aRTL
_cRTL
_beng
041 _2eng
_aeng
082 _aY11:818.281.N7, L9
100 _aDe Souza Alfred
_9137679
245 0 _aChildren in creches
_b Day care for the urban poor
260 _a New Delhi
_bIntellectual Publishing House
_c1979
300 _a116p
_ccm.
490 _aIndian Social Institute Publication
500 _aBibliography P 109-113
650 _aSocialisation
942 _hY11:818.281.N7, L9
_cGB
_2CC
999 _c599695
_d599695